Diseño de un modelo de gestión estratégica para la búsqueda de alternativas institucionales que incrementen la eficiencia y eficacia en la Imprenta Nacional
Guardado en:
| 主要作者: | |
|---|---|
| 其他作者: | |
| 格式: | 圖書 |
| 出版: |
San José, C.R
1998
|
| 主題: | |
| 標簽: |
添加標簽
沒有標簽, 成為第一個標記此記錄!
|
MARC
| LEADER | 00000nam a2200000Ia 4500 | ||
|---|---|---|---|
| 003 | 008405 | ||
| 005 | 20221231144225.0 | ||
| 008 | 140114s1998 cr a m 000 ||s d | ||
| 040 | |c cru CEDI | ||
| 090 | |a TFG 3808 | ||
| 100 | |a Guillén Arias, Paola |9 9122 | ||
| 245 | |a Diseño de un modelo de gestión estratégica para la búsqueda de alternativas institucionales que incrementen la eficiencia y eficacia en la Imprenta Nacional | ||
| 260 | |c 1998 |a San José, C.R | ||
| 300 | |a xv, 139, [100] hojas ilustraciones a color | ||
| 500 | |a Tesis (licenciatura en ingeniería industrial)--Universidad de Costa Rica. Facultad de Ingeniería. Escuela de Ingeniería Industrial | ||
| 650 | |x IMPRENTA NACIONAL (COSTA RICA) - ADMINISTRACION |x PLANIFICACION ESTRATEGICA |9 9126 | ||
| 700 | |9 9125 |a Volio Brenes, Gloriana | ||
| 942 | |c TFG | ||
| 999 | |c 18682 |d 18682 | ||
